Statistics for Name the flags #3

Click here to take the quiz!

General Stats

  • This quiz has been taken 11 times
  • The average score is 12 of 15

Answer Stats

Answer% Correct
China
100%
India
100%
United Kingdom
100%
United States
100%
Iran
90%
Lebanon
90%
Russia
90%
Saudi Arabia
90%
Sri Lanka
70%
Syria
70%
Taiwan
70%
Oman
50%
Sao Tome & Principe
50%
Togo
50%
Solomon Islands
40%

Score Distribution

Percentile by Number Answered

Percent of People with Each Score

Your Score History

You have not taken this quiz